[Event "22nd Honor to National Resistance"]
[Site "Nikaia"]
[Date "2014.08.31"]
[Round "7.6"]
[White "Alexakis, Dimitrios"]
[Black "Siamidis, Dimitrios"]
[Result "1-0"]
[WhiteElo "2221"]
[BlackElo "2065"]
[PlyCount "129"]
[EventDate "2014.08.26"]

1. e4 b6 2. d4 Bb7 3. Bd3 Nc6 4. c3 e5 5. d5 Nce7 6. Nf3 Ng6 7. O-O Be7 8. c4
Nf6 9. Nc3 d6 10. Rb1 a5 11. a3 O-O 12. b4 Nd7 13. Qc2 Re8 14. Be3 Bc8 15. Rfc1
Nf6 16. c5 axb4 17. axb4 dxc5 18. bxc5 Bxc5 19. Bxc5 bxc5 20. Na4 c4 21. Bxc4
Nxe4 22. Qxe4 Rxa4 23. d6 Be6 24. Qc6 Rxc4 25. Rxc4 cxd6 26. Rcb4 Ne7 27. Qb6
h6 28. Qxd8 Rxd8 29. Rb8 Nc8 30. Rc1 f6 31. Nd2 f5 32. Nc4 Re8 33. Nb6 Nxb6 34.
Rxe8+ Kf7 35. Rb8 Nc4 36. Ra1 e4 37. Ra7+ Kf6 38. Rf8+ Kg6 39. Re8 Kf6 40. Rc7
Ne5 41. h4 g6 42. Ra7 f4 43. Ra6 Nf7 44. g3 g5 45. h5 fxg3 46. fxg3 Kf5 47. Kf2
g4 48. Ke3 Ne5 49. Rxe6 Kxe6 50. Kxe4 Nd7 51. Kf4 Nf6 52. Ra5 Kd7 53. Kf5 Nxh5
54. Kxg4 Nf6+ 55. Kf5 Ng8 56. Ra7+ Ke8 57. Ke6 Kf8 58. Kxd6 Nf6 59. Ke6 Ne4 60.
g4 Kg8 61. Kf5 Nc5 62. Kg6 Kf8 63. Kxh6 Ne6 64. g5 Nd4 65. g6 1-0

[Event "22nd Honor to National Resistance"]
[Site "Nikaia"]
[Date "2014.08.31"]
[Round "7.7"]
[White "Michelakos, Panagiotis"]
[Black "Karagiannis, Athanasios"]
[Result "1-0"]
[WhiteElo "2146"]
[BlackElo "2214"]
[PlyCount "147"]
[EventDate "2014.08.26"]

1. d4 d5 2. c4 e6 3. Nc3 Nf6 4. cxd5 exd5 5. Bg5 Be7 6. Qc2 O-O 7. e3 c6 8. Bd3
h6 9. Bh4 Re8 10. Nge2 b6 11. O-O Ba6 12. f3 c5 13. Kh1 Bxd3 14. Qxd3 c4 15.
Qf5 g6 16. Qh3 Nc6 17. a3 Nh7 18. Bxe7 Nxe7 19. e4 h5 20. Rad1 Qd6 21. e5 Qe6
22. g4 Kh8 23. Nb5 Qd7 24. Nd6 Rf8 25. Qh4 Nc8 26. Nxc8 Raxc8 27. gxh5 g5 28.
Qg4 f5 29. exf6 Qxg4 30. fxg4 Nxf6 31. h3 Rce8 32. Nc3 Kg7 33. Rde1 Ne4 34.
Rxf8 Rxf8 35. Nxe4 dxe4 36. Kg2 Rf3 37. Rxe4 Rb3 38. Re7+ Kh6 39. Rxa7 Rxb2+
40. Kf3 Rb3+ 41. Ke4 b5 42. Rb7 Rxa3 43. Rb6+ Kh7 44. Rxb5 Rxh3 45. Rxg5 c3 46.
Rc5 Rg3 47. Kf4 Rd3 48. d5 Rd4+ 49. Kf5 c2 50. Rc7+ Kg8 51. Rxc2 Rxd5+ 52. Kg6
Rd6+ 53. Kg5 Rd5+ 54. Kf6 Rd6+ 55. Ke5 Ra6 56. Rc5 Ra1 57. g5 Ra7 58. Rc6 Re7+
59. Kf5 Rf7+ 60. Rf6 Ra7 61. Re6 Rf7+ 62. Kg4 Ra7 63. h6 Kh7 64. Kh5 Ra5 65.
Re7+ Kg8 66. Kg6 Ra6+ 67. Kf5 Ra5+ 68. Re5 Ra1 69. g6 Rf1+ 70. Kg5 Rg1+ 71. Kf6
Rf1+ 72. Rf5 Ra1 73. h7+ Kh8 74. g7+ 1-0

[Event "22nd Honor to National Resistance"]
[Site "Nikaia"]
[Date "2014.08.31"]
[Round "7.8"]
[White "Koutoukidis, Panagiotis"]
[Black "Markantonaki, Haritomeni"]
[Result "1-0"]
[WhiteElo "2190"]
[BlackElo "2180"]
[PlyCount "43"]
[EventDate "2014.08.26"]

1. e4 e5 2. Nf3 Nc6 3. Bb5 a6 4. Bxc6 dxc6 5. O-O Bg4 6. h3 Bxf3 7. Qxf3 f6 8.
Qb3 Qc8 9. d3 g5 10. Be3 Bd6 11. d4 h6 12. Nd2 Ne7 13. dxe5 fxe5 14. Nc4 Ng6
15. Nxd6+ cxd6 16. Rad1 Ke7 17. Rxd6 Kxd6 18. Qf7 c5 19. Rd1+ Kc6 20. Qxg6+ Kb5
21. a4+ Kc4 22. Qf7+ 1-0

[Event "22nd Honor to National Resistance"]
[Site "Nikaia"]
[Date "2014.08.31"]
[Round "7.9"]
[White "Liodakis, Konstantinos-Spyros"]
[Black "Sienczewski, Zbigniew"]
[Result "0-1"]
[WhiteElo "2170"]
[BlackElo "2040"]
[PlyCount "102"]
[EventDate "2014.08.26"]

1. e4 d6 2. d4 Nf6 3. Nc3 g6 4. Be3 c6 5. f3 Nbd7 6. Qd2 b5 7. g4 Nb6 8. h4 h5
9. g5 Nfd7 10. d5 Ne5 11. Bxb6 Qxb6 12. dxc6 Nc4 13. Bxc4 bxc4 14. Nge2 Bg7 15.
Nd5 Qxc6 16. c3 Bb7 17. Rf1 Qd7 18. O-O-O O-O 19. Ne3 Rfc8 20. Nd4 Rab8 21. Qc2
Rc5 22. f4 Qh3 23. Rf3 Qxh4 24. Rg1 Ba8 25. a4 e6 26. Ne2 e5 27. Rff1 Qh3 28.
Rg3 Qd7 29. Rgf3 exf4 30. Rxf4 Rxg5 31. Nxc4 Rc5 32. Rxf7 Qc6 33. Nd2 Bh6 34.
Ng3 Rg5 35. R7f3 h4 36. Ne2 Rg2 37. Nf4 Rg4 38. Nd5 Rxe4 39. Nf6+ Kh8 40. Nfxe4
Qxe4 41. Qxe4 Bxe4 42. R3f2 Bf5 43. b4 Bg7 44. Rf3 Be5 45. Rh1 Bf6 46. Rhf1 Re8
47. b5 Kg7 48. a5 d5 49. Nb3 Rb8 50. Nd4 Bxd4 51. cxd4 Rxb5 0-1

[Event "22nd Honor to National Resistance"]
[Site "Nikaia"]
[Date "2014.08.31"]
[Round "7.10"]
[White "Kouskoutis, Georgios-Alexandros"]
[Black "Kouvatsos, Filippos"]
[Result "0-1"]
[WhiteElo "1981"]
[BlackElo "2157"]
[PlyCount "132"]
[EventDate "2014.08.26"]

1. e4 c6 2. d4 d5 3. Nc3 h6 4. Nf3 Bg4 5. exd5 cxd5 6. h3 Bxf3 7. Qxf3 e6 8.
Bf4 a6 9. Bd3 Nc6 10. Ne2 Nb4 11. O-O Nf6 12. c3 Nxd3 13. Qxd3 Bd6 14. Bxd6
Qxd6 15. Qg3 Qxg3 16. Nxg3 Kd7 17. Ne2 b5 18. Nf4 Kd6 19. Nd3 Nd7 20. Rae1 a5
21. f4 f5 22. Ne5 Nxe5 23. Rxe5 Rac8 24. Rfe1 Rhe8 25. R1e3 g6 26. Rg3 Rg8 27.
Rge3 Rge8 28. Rg3 Rg8 29. Rge3 Rce8 30. b3 g5 31. fxg5 Rxg5 32. h4 Rg4 33. Rxf5
Rxh4 34. Rf7 b4 35. Ra7 bxc3 36. Rxc3 Rxd4 37. Rxa5 Rd2 38. Ra6+ Ke5 39. Re3+
Kd4 40. Rh3 Rg8 41. Rxe6 Rgxg2+ 42. Kf1 Rdf2+ 43. Ke1 Rxa2 44. Kf1 Raf2+ 45.
Ke1 Rb2 46. Kf1 Rh2 47. Rxh2 Rxh2 48. Kg1 Rh3 49. b4 Kc4 50. Rd6 h5 51. Kg2 Rb3
52. Rh6 Kxb4 53. Rxh5 d4 54. Kf2 Re3 55. Rh8 Re5 56. Rb8+ Kc3 57. Rc8+ Kd2 58.
Kf3 Re3+ 59. Kf2 Re7 60. Kf3 d3 61. Rh8 Kc2 62. Rc8+ Kd1 63. Ra8 d2 64. Rh8 Rc7
65. Ra8 Kc2 66. Ra2+ Kd3 0-1

[Event "22nd Honor to National Resistance"]
[Site "Nikaia"]
[Date "2014.08.31"]
[Round "7.11"]
[White "Grigoriadis, Mihail"]
[Black "Panagiotakos, Nikolaos"]
[Result "1-0"]
[WhiteElo "1981"]
[BlackElo "2146"]
[PlyCount "47"]
[EventDate "2014.08.26"]

1. e4 c5 2. Nf3 Nc6 3. d4 cxd4 4. Nxd4 e5 5. Nb5 d6 6. N1c3 a6 7. Na3 b5 8. Nd5
Nge7 9. c4 Nd4 10. cxb5 Nxd5 11. exd5 Bd7 12. bxa6 Qa5+ 13. Bd2 Qxd5 14. Nc4
Qe4+ 15. Ne3 Be7 16. Bc4 Bc6 17. O-O Nf5 18. Qb3 O-O 19. Bd3 Nd4 20. Bxe4 Nxb3
21. Bxc6 Nxd2 22. Bxa8 Nxf1 23. Bb7 Nxe3 24. fxe3 1-0

[Event "22nd Honor to National Resistance"]
[Site "Nikaia"]
[Date "2014.08.31"]
[Round "7.12"]
[White "Kalogridakis, Georgios"]
[Black "Markesinis, Eleftherios"]
[Result "1-0"]
[WhiteElo "2114"]
[BlackElo "2029"]
[PlyCount "59"]
[EventDate "2014.08.26"]
[WhiteClock "0:27:27"]
[BlackClock "0:09:42"]

1. e4 c6 2. c4 d5 3. cxd5 cxd5 4. exd5 Nf6 5. Nc3 g6 6. Bc4 Bg7 7. Nf3 O-O 8.
O-O a6 9. a4 Qa5 10. Ra3 Nbd7 11. d3 Nb6 12. Bd2 Qc5 13. Qb3 Nxc4 14. Qxc4 Qd6
15. Bf4 Qd8 16. Bc7 Qd7 17. Rb3 Ne8 18. Bg3 Nd6 19. Qb4 Rd8 20. Re1 Kf8 21. Ng5
h6 22. Nge4 Qf5 23. Bxd6 exd6 24. Nxd6 Qg4 25. Re4 Bxc3 26. Qxc3 Qd1+ 27. Re1
Qxe1+ 28. Qxe1 Rxd6 29. Rc3 {Ke7 Qe5+ [%clk 0:11:28]} Rd7 {Qf6+ Ke8 [%clk 0:18:
50]} 30. d6 1-0

[Event "22nd Honor to National Resistance"]
[Site "Nikaia"]
[Date "2014.08.31"]
[Round "7.13"]
[White "Fessas, Prokopios"]
[Black "Tsiros, Fragkiskos Vlasios"]
[Result "0-1"]
[WhiteElo "1981"]
[BlackElo "2108"]
[PlyCount "72"]
[EventDate "2014.08.26"]

1. Nf3 c5 2. c4 Nf6 3. Nc3 Nc6 4. g3 d5 5. d4 dxc4 6. d5 Nb4 7. e4 Bg4 8. Bxc4
e5 9. Bb5+ Nd7 10. O-O Bxf3 11. Qxf3 Nc2 12. Rb1 a6 13. Ba4 Nd4 14. Qh5 b5 15.
Bd1 Bd6 16. f4 O-O 17. f5 Nf6 18. Qh3 b4 19. Ne2 Nxe4 20. f6 Nxf6 21. Bg5 Be7
22. Nxd4 cxd4 23. Bc2 g6 24. Rbe1 Qd6 25. Rf5 Nd7 26. Qg4 Bxg5 27. Qxg5 Kg7 28.
Ba4 h6 29. Qg4 h5 30. Qh3 gxf5 31. Qxf5 Nc5 32. Bc2 d3 33. Qg5+ Qg6 34. Qxe5+
Qf6 35. Qxh5 dxc2 36. Rf1 Qxf1+ 0-1

[Event "22nd Honor to National Resistance"]
[Site "Nikaia"]
[Date "2014.08.31"]
[Round "7.14"]
[White "Skaperdas, Kostantinos"]
[Black "Alexiadis, Hristos"]
[Result "1-0"]
[WhiteElo "2102"]
[BlackElo "2020"]
[PlyCount "61"]
[EventDate "2014.08.26"]

1. e4 c5 2. Nf3 d6 3. d4 Nf6 4. Nc3 cxd4 5. Nxd4 a6 6. h3 e6 7. g4 d5 8. exd5
Nxd5 9. Nde2 Bb4 10. Bg2 Nc6 11. O-O Nxc3 12. Qxd8+ Nxd8 13. Nxc3 Bxc3 14. bxc3
Bd7 15. Rb1 Bb5 16. Rd1 O-O 17. Be3 Rc8 18. Bb6 Nc6 19. Rd7 Na5 20. Rxb5 axb5
21. Bxa5 Ra8 22. Bb4 Rfd8 23. Bxb7 Rxd7 24. Bxa8 Ra7 25. Bc6 Rxa2 26. Bxb5 Rxc2
27. c4 f6 28. Bd6 Rb2 29. Be8 Rd2 30. c5 Rd3 31. Kg2 1-0

[Event "22nd Honor to National Resistance"]
[Site "Nikaia"]
[Date "2014.08.31"]
[Round "7.15"]
[White "Pandelidis, Ioannis"]
[Black "Giannoulakis, Labros"]
[Result "1-0"]
[WhiteElo "2070"]
[BlackElo "1970"]
[PlyCount "93"]
[EventDate "2014.08.26"]

1. e4 c5 2. Nc3 Nc6 3. Bb5 Nd4 4. Nf3 Nxb5 5. Nxb5 d5 6. exd5 a6 7. Nc3 Nf6 8.
O-O Nxd5 9. Ne4 e6 10. d4 cxd4 11. Qxd4 Qb6 12. Qxb6 Nxb6 13. b3 Bb4 14. Bb2
O-O 15. c4 Nd7 16. a3 Be7 17. b4 Nf6 18. Nc3 Bd7 19. Ne5 Rfc8 20. Nxd7 Nxd7 21.
c5 b6 22. Rfd1 Rc7 23. cxb6 Nxb6 24. Ne4 a5 25. Bd4 Nd5 26. bxa5 Rxa5 27. Rab1
f5 28. Ng3 Rxa3 29. Rb8+ Kf7 30. Be5 Rd7 31. Bb2 Ra2 32. Nh5 Bd6 33. Rb3 g6 34.
Ng3 Rc7 35. Ba1 Rcc2 36. Rb7+ Kf8 37. Nh1 Bc5 38. Rxh7 Ke8 39. Rb1 Nb4 40. g3
Bd6 41. h4 f4 42. gxf4 Nc6 43. Rh8+ Kf7 44. Rb7+ Ne7 45. Be5 Bc5 46. Rh7+ Kg8
47. Rg7+ 1-0

[Event "22nd Honor to National Resistance"]
[Site "Nikaia"]
[Date "2014.08.31"]
[Round "7.16"]
[White "Ioannidis, Evgenios"]
[Black "Sidiropoulos, Nikolaos"]
[Result "1-0"]
[WhiteElo "2064"]
[BlackElo "1923"]
[PlyCount "83"]
[EventDate "2014.08.26"]

1. d4 Nf6 2. c4 e6 3. Nc3 c5 4. d5 exd5 5. cxd5 d6 6. e4 g6 7. f4 Bg7 8. Bb5+
Nfd7 9. a4 Qh4+ 10. g3 Qe7 11. Nf3 O-O 12. O-O Na6 13. Re1 f6 14. Bf1 Rb8 15.
Nb5 Re8 16. Nd2 Nb6 17. a5 Na8 18. Nc4 Rd8 19. Nxa7 N8c7 20. Nxc8 Rdxc8 21. e5
fxe5 22. fxe5 Re8 23. Bf4 g5 24. exd6 Qxe1 25. Qxe1 Rxe1 26. dxc7 Rxa1 27.
cxb8=Q+ Nxb8 28. Bxb8 Rd1 29. d6 g4 30. Kf2 Kf8 31. Bg2 Rc1 32. Bd5 Rc2+ 33.
Ke3 Bh6+ 34. Kd3 Rc1 35. Bc7 Rd1+ 36. Ke4 Bg7 37. Be6 Bf6 38. d7 Kg7 39. Nd6
Kg6 40. Bf5+ Kh5 41. Nxb7 Rd4+ 42. Ke3 1-0

[Event "22nd Honor to National Resistance"]
[Site "Nikaia"]
[Date "2014.08.31"]
[Round "7.17"]
[White "Ornithopoulos, Nikolaos"]
[Black "Korlotsidis, Spiridon"]
[Result "0-1"]
[WhiteElo "1960"]
[BlackElo "2048"]
[PlyCount "138"]
[EventDate "2014.08.26"]

1. d4 Nf6 2. Bf4 g6 3. e3 Bg7 4. Be2 d6 5. Nf3 Nbd7 6. O-O O-O 7. Nbd2 b6 8. c3
Bb7 9. a4 a5 10. h3 h6 11. Bh2 Re8 12. Nc4 Ne4 13. Nfd2 Nxd2 14. Qxd2 e5 15.
Rad1 Qg5 16. f3 exd4 17. exd4 Qxd2 18. Rxd2 Ba6 19. Bd3 Nf6 20. Rfd1 Nd5 21.
Rb1 Bf6 22. f4 h5 23. Kf2 h4 24. Na3 Bxd3 25. Rxd3 Re4 26. Re1 Nxf4 27. Bxf4
Rxf4+ 28. Rf3 Rxf3+ 29. Kxf3 d5 30. Nb5 Rc8 31. Na7 Rd8 32. Kg4 c5 33. dxc5
bxc5 34. Nc6 Rd6 35. Nxa5 Ra6 36. Nb3 Rxa4+ 37. Kf3 c4 38. Nd4 Ra2 39. Re8+ Kg7
40. Rb8 Ra1 41. Rb5 Bxd4 42. cxd4 Rf1+ 43. Ke3 Rf5 44. b3 cxb3 45. Rxb3 Rg5 46.
Kf2 Kf6 47. Rb6+ Kf5 48. Kf3 Rg3+ 49. Kf2 Rd3 50. Rb7 f6 51. Rb4 Kf4 52. Ke2
Rg3 53. Kf2 Ke4 54. Ra4 Rg5 55. Rb4 Kd3 56. Rb3+ Kxd4 57. Rb4+ Kc3 58. Rxh4 d4
59. Rh8 Kd2 60. g4 Re5 61. h4 Re4 62. Kf3 Re3+ 63. Kf2 d3 64. h5 gxh5 65. gxh5
Re2+ 66. Kf1 Rh2 67. h6 Ke3 68. h7 d2 69. Re8+ Kf3 0-1

[Event "22nd Honor to National Resistance"]
[Site "Nikaia"]
[Date "2014.08.31"]
[Round "7.18"]
[White "Balokas, Dimitrios"]
[Black "Nikolaidou, Eleni"]
[Result "1/2-1/2"]
[WhiteElo "2042"]
[BlackElo "1825"]
[PlyCount "80"]
[EventDate "2014.08.26"]

1. d4 Nf6 2. c4 g6 3. Nc3 Bg7 4. e4 d6 5. Be2 O-O 6. Bg5 h6 7. Be3 Nbd7 8. Qd2
Kh7 9. h3 c6 10. Nf3 Qc7 11. Rd1 a6 12. O-O Rg8 13. a4 e5 14. d5 c5 15. Ne1 g5
16. Nd3 Nf8 17. g4 Ng6 18. f3 Nf4 19. h4 Bd7 20. hxg5 hxg5 21. Bxf4 gxf4 22.
Kf2 Bh6 23. Rh1 Kg7 24. Rdg1 Bg5 25. Ke1 b5 26. Nf2 b4 27. Ncd1 Bxa4 28. Nh3
Bh4+ 29. Kf1 Bxd1 30. Bxd1 Rh8 31. Nxf4 exf4 32. Qxf4 Nxe4 33. fxe4 Bf6 34. g5
Be5 35. Qf5 Qc8 36. b3 Qxf5+ 37. exf5 Rxh1 38. Rxh1 Bf4 39. Rh5 Re8 40. Bc2 Rh8
1/2-1/2

[Event "22nd Honor to National Resistance"]
[Site "Nikaia"]
[Date "2014.08.31"]
[Round "7.19"]
[White "Tsomis, Dimitrios"]
[Black "Christidis, Savvas"]
[Result "1-0"]
[WhiteElo "1987"]
[BlackElo "1819"]
[PlyCount "73"]
[EventDate "2014.08.26"]

1. e4 e5 2. Nf3 Nf6 3. Nxe5 d6 4. Nf3 Nxe4 5. d3 Nf6 6. d4 Be7 7. Bd3 O-O 8. h3
c5 9. c3 Nc6 10. O-O a6 11. Re1 b5 12. Nbd2 Bb7 13. Nf1 Re8 14. Ng3 g6 15. Bg5
c4 16. Bc2 Nd5 17. Bxe7 Ncxe7 18. Qd2 Nf6 19. Qf4 Ned5 20. Rxe8+ Nxe8 21. Qh6
Nef6 22. Re1 Qf8 23. Qh4 Re8 24. Ne4 Nxe4 25. Rxe4 f5 26. Ng5 Nf6 27. Re6 Rxe6
28. Nxe6 Qe7 29. Nf4 Kg7 30. Kf1 Be4 31. Bxe4 Qxe4 32. f3 Qb1+ 33. Qe1 Qxb2 34.
Qe7+ Kg8 35. Ne6 Qc1+ 36. Kf2 Qe3+ 37. Kg3 1-0

[Event "22nd Honor to National Resistance"]
[Site "Nikaia"]
[Date "2014.08.31"]
[Round "7.20"]
[White "Vazelakis, Dimitrios"]
[Black "Nikoleris, Evangelos"]
[Result "1/2-1/2"]
[WhiteElo "1985"]
[BlackElo "1887"]
[PlyCount "154"]
[EventDate "2014.08.26"]

1. c4 e6 2. g3 d5 3. d4 Nf6 4. Nf3 Be7 5. Bg2 O-O 6. O-O dxc4 7. Qc2 a6 8. Qxc4
b5 9. Qc2 Bb7 10. Bd2 Be4 11. Qc1 Bb7 12. Bf4 Bd6 13. Nbd2 Nbd7 14. Nb3 Rc8 15.
Rd1 Qe7 16. Na5 Ba8 17. Nc6 Bxc6 18. Qxc6 Bxf4 19. gxf4 Nd5 20. e3 Nb4 21. Qe4
Nf6 22. Qb1 c5 23. a3 Nbd5 24. dxc5 Rxc5 25. Rc1 Rfc8 26. Rxc5 Qxc5 27. Nd4
Nxf4 28. Nb3 Ne2+ 29. Kf1 Ng3+ 30. hxg3 Qc4+ 31. Kg1 Qxb3 32. Qd1 Qxd1+ 33.
Rxd1 g6 34. Bb7 Rc2 35. b4 Rc3 36. Ra1 Nd5 37. Bxa6 Nc7 38. Bb7 h5 39. Kf1 Kg7
40. Ke1 Nd5 41. Bxd5 exd5 42. Rd1 d4 43. Rxd4 Rc7 44. Rd5 Rb7 45. Kd2 Kf6 46.
Kd3 Ke6 47. Kd4 f6 48. f4 Rb6 49. e4 Ra6 50. Rxb5 Rxa3 51. f5+ gxf5 52. Rxf5
Rxg3 53. Rxh5 Ke7 54. Kd5 Rd3+ 55. Kc6 Rd4 56. b5 Rxe4 57. b6 Rc4+ 58. Kb7 Kd6
59. Rf5 Ke6 60. Rb5 Kd7 61. Ka8 Ra4+ 62. Kb7 Rc4 63. Kb8 Kc6 64. Rb2 Rh4 65. b7
Rh8+ 66. Ka7 Kd5 67. Re2 f5 68. Re7 f4 69. Ka6 Rb8 70. Rc7 Kd4 71. Rc8 Rxb7 72.
Kxb7 f3 73. Kc6 f2 74. Rf8 Ke3 75. Kd5 Ke2 76. Re8+ Kd2 77. Rf8 Ke2 1/2-1/2

[Event "22nd Honor to National Resistance"]
[Site "Nikaia"]
[Date "2014.08.31"]
[Round "7.21"]
[White "Papakonstantinou, Dimitrios"]
[Black "Bouboulis, Spyridon-Odysseys"]
[Result "1/2-1/2"]
[WhiteElo "1947"]
[BlackElo "1801"]
[PlyCount "65"]
[EventDate "2014.08.26"]

1. Nf3 Nf6 2. c4 e6 3. g3 d5 4. Bg2 c6 5. O-O Be7 6. d4 O-O 7. Qc2 Nbd7 8. Nbd2
b6 9. e4 dxe4 10. Ng5 Bb7 11. Ndxe4 Nxe4 12. Nxe4 Nf6 13. Rd1 h6 14. Bf4 Nxe4
15. Bxe4 Bg5 16. Bxg5 Qxg5 17. b4 Qe7 18. Rab1 Rfd8 19. Qe2 Rd7 20. c5 Rad8 21.
b5 Rc7 22. cxb6 axb6 23. bxc6 Bxc6 24. Rxb6 Bxe4 25. Qxe4 Ra7 26. Rd2 Rda8 27.
Rdb2 Qc7 28. d5 exd5 29. Qxd5 Ra5 30. Qd2 Rxa2 31. Qd5 Ra1+ 32. Kg2 Rd8 33.
Qxd8+ 1/2-1/2

[Event "22nd Honor to National Resistance"]
[Site "Nikaia"]
[Date "2014.08.31"]
[Round "7.22"]
[White "Trimitzios, Petros"]
[Black "Hrisafis, Argirios"]
[Result "1-0"]
[WhiteElo "1755"]
[BlackElo "1938"]
[PlyCount "71"]
[EventDate "2014.08.26"]

1. Nf3 Nf6 2. c4 e6 3. g3 d5 4. d4 Bb4+ 5. Bd2 Be7 6. Bg2 O-O 7. O-O dxc4 8.
Qc2 a6 9. Qxc4 b5 10. Qc2 Bb7 11. e3 Nbd7 12. Ba5 Rc8 13. Nbd2 Qe8 14. b4 Bd6
15. Nb3 Be4 16. Qd2 Nb6 17. Ne5 Bxg2 18. Kxg2 Bxe5 19. dxe5 Nc4 20. Qd4 Qc6+
21. Kg1 Rfd8 22. Qc5 Qxc5 23. Nxc5 Nd5 24. Rfd1 Nxa5 25. bxa5 Nc3 26. Rxd8+
Rxd8 27. Kf1 Rd5 28. Nxa6 b4 29. Nxb4 Rxa5 30. Rc1 Rc5 31. Nd3 Rc6 32. Ke1 Kf8
33. f3 Ra6 34. Rxc3 Rxa2 35. Nf2 Ra1+ 36. Kd2 1-0

[Event "22nd Honor to National Resistance"]
[Site "Nikaia"]
[Date "2014.08.31"]
[Round "7.23"]
[White "Lymperopoulos, Georgios"]
[Black "Katopodis, Dimitrios"]
[Result "0-1"]
[WhiteElo "1904"]
[BlackElo "1780"]
[PlyCount "74"]
[EventDate "2014.08.26"]

1. d4 d5 2. Nf3 Nf6 3. e3 c5 4. dxc5 e6 5. b4 a5 6. c3 axb4 7. cxb4 b6 8. Bb5+
Bd7 9. Bxd7+ Nbxd7 10. a4 bxc5 11. b5 e5 12. Bb2 Bd6 13. O-O e4 14. Nfd2 Ne5
15. Nc3 Nd3 16. Ba3 Qe7 17. g3 h5 18. Qb3 Qe6 19. Ncxe4 dxe4 20. Qxe6+ fxe6 21.
Nc4 Rxa4 22. Bxc5 Nxc5 23. Rxa4 Nxa4 24. Nxd6+ Ke7 25. Nc4 Rc8 26. Ne5 Rc5 27.
Nc6+ Kd6 28. Rd1+ Nd5 29. Nd4 g6 30. Ra1 Ndc3 31. b6 Nxb6 32. Ra6 Ncd5 33. Nb3
Rb5 34. Na5 Nc7 35. Nc4+ Kc5 36. Ra7 Rb1+ 37. Kg2 Nb5 0-1

[Event "22nd Honor to National Resistance"]
[Site "Nikaia"]
[Date "2014.08.31"]
[Round "7.24"]
[White "Tsekouras, Vasilios"]
[Black "Kosmidis, Konstantinos"]
[Result "1/2-1/2"]
[WhiteElo "1900"]
[BlackElo "1776"]
[PlyCount "54"]
[EventDate "2014.08.26"]

1. c4 e6 2. Nf3 Nf6 3. b3 d5 4. Bb2 c5 5. e3 Nc6 6. Be2 Be7 7. O-O O-O 8. d3 d4
9. exd4 cxd4 10. Nbd2 e5 11. a3 a5 12. Re1 Bf5 13. Ng5 Qc7 14. h3 h6 15. Nge4
Nxe4 16. Nxe4 Bg6 17. Bh5 Bh7 18. g3 f5 19. Nd2 Bg5 20. Bf3 Rae8 21. Bg2 Kh8
22. Nf3 Bf6 23. Nd2 Bg5 24. Nf3 Bf6 25. Nd2 Bg5 26. Nf3 Bf6 27. Nd2 Bg5 1/2-1/2

[Event "22nd Honor to National Resistance"]
[Site "Nikaia"]
[Date "2014.08.31"]
[Round "7.25"]
[White "Kalogridakis, Theodoros"]
[Black "Tsaknakis, Zisis"]
[Result "0-1"]
[WhiteElo "1843"]
[BlackElo "1899"]
[PlyCount "78"]
[EventDate "2014.08.26"]

1. e4 c5 2. Nf3 d6 3. d4 cxd4 4. Nxd4 Nf6 5. Nc3 a6 6. h3 g6 7. g4 Bg7 8. Bg2
O-O 9. Be3 Nc6 10. Qd2 Bd7 11. g5 Nh5 12. Bf3 Ne5 13. Bxh5 Nc4 14. Qe2 Nxb2 15.
O-O gxh5 16. Rab1 Rc8 17. Nd5 Na4 18. Qxh5 b5 19. Nf5 Bxf5 20. exf5 e6 21. fxe6
fxe6 22. Nf4 Qe7 23. Qg4 Rf5 24. Nh5 Rc4 25. Qg2 Bd4 26. Bd2 Rxc2 27. Bf4 Nc3
28. Rbe1 Ne2+ 29. Rxe2 Rxe2 30. Qa8+ Rf8 31. Qf3 Rc2 32. Qg4 Rc4 33. Qg3 e5 34.
Bd2 Kh8 35. Nf6 e4 36. Bf4 Rc6 37. Re1 Bxf6 38. gxf6 Qxf6 39. Bg5 Qf5 0-1

[Event "22nd Honor to National Resistance"]
[Site "Nikaia"]
[Date "2014.08.31"]
[Round "7.27"]
[White "Alexakis, Dimitris"]
[Black "Makkas, Panayiotis"]
[Result "1-0"]
[WhiteElo "1679"]
[BlackElo "1894"]
[PlyCount "63"]
[EventDate "2014.08.26"]

1. e4 b6 2. d4 e6 3. Bd3 Bb7 4. c3 c5 5. Bf4 cxd4 6. cxd4 Nf6 7. f3 Nc6 8. Ne2
d5 9. e5 Nd7 10. Be3 a6 11. O-O Nb4 12. f4 Nxd3 13. Qxd3 a5 14. f5 Ba6 15. Qd1
exf5 16. Rxf5 Be7 17. Nbc3 Bb7 18. Qe1 O-O 19. Qg3 Re8 20. Bh6 g6 21. Raf1 Bf8
22. Bg5 Be7 23. Rxf7 Bxg5 24. Qh3 Nf8 25. Rxb7 Qc8 26. Qxc8 Raxc8 27. Rxb6 Rxe5
28. dxe5 Be3+ 29. Kh1 Bxb6 30. Nxd5 Rc2 31. Nef4 Rc6 32. Ne7+ 1-0

[Event "22nd Honor to National Resistance"]
[Site "Nikaia"]
[Date "2014.08.31"]
[Round "7.28"]
[White "Nikolaidis, Marios-Andreas"]
[Black "Alexakis, Georgios"]
[Result "1/2-1/2"]
[WhiteElo "1985"]
[BlackElo "1802"]
[PlyCount "64"]
[EventDate "2014.08.26"]

1. b3 e5 2. Bb2 Nc6 3. c4 d6 4. e3 g6 5. Be2 Bg7 6. h4 h6 7. Nc3 Nge7 8. d3 Be6
9. Qd2 d5 10. Bf3 Qd7 11. cxd5 Nxd5 12. Na4 b6 13. Ne2 Bg4 14. Bxg4 Qxg4 15.
Rc1 Nde7 16. Ba3 Qd7 17. f3 O-O 18. Kf2 Rfd8 19. Rhd1 Rac8 20. Rc2 Nf5 21. g3
Nce7 22. Bxe7 Nxe7 23. Kg2 c5 24. Nb2 Nc6 25. Rc4 Na5 26. Rc2 Rc6 27. Nc3 Rcc8
28. Nc4 Nc6 29. a3 Ne7 30. e4 h5 31. Qf2 Nc6 32. Ne3 Nd4 1/2-1/2

[Event "22nd Honor to National Resistance"]
[Site "Nikaia"]
[Date "2014.08.31"]
[Round "7.29"]
[White "Petougias, Georgios"]
[Black "Kafetzi, Angeliki"]
[Result "1-0"]
[WhiteElo "1949"]
[BlackElo "1772"]
[PlyCount "169"]
[EventDate "2014.08.26"]

1. e4 c5 2. c3 d5 3. exd5 Qxd5 4. d4 Nf6 5. Nf3 Bg4 6. Be2 e6 7. O-O Nc6 8. Na3
a6 9. Nc2 cxd4 10. cxd4 Qd6 11. b3 Be7 12. Ba3 Qf4 13. Bc1 Qd6 14. Ne3 Bxf3 15.
Bxf3 O-O 16. Nc4 Qxd4 17. Qxd4 Nxd4 18. Bxb7 Ne2+ 19. Kh1 Ra7 20. Bf3 Nxc1 21.
Raxc1 a5 22. Ne5 Ba3 23. Rc4 a4 24. b4 Nd5 25. Nc6 Rc7 26. Rb1 Bxb4 27. Rbxb4
Nxb4 28. Rxb4 h6 29. Rxa4 Rb8 30. h3 Rb1+ 31. Kh2 Rb2 32. Ra8+ Kh7 33. Kg3 f6
34. Nd8 Re7 35. a4 f5 36. Ra6 e5 37. Bh5 f4+ 38. Kh2 g5 39. Bg6+ Kg7 40. Be4
Rxf2 41. Rg6+ Kf8 42. Rxh6 Re2 43. Bf3 Kg7 44. Rh5 Rd2 45. Nc6 e4 46. Nxe7 exf3
47. Rxg5+ Kf6 48. Rf5+ Kxe7 49. Rxf4 Rxg2+ 50. Kh1 Rg3 51. h4 f2 52. Kh2 Rg1
53. Rxf2 Rg4 54. Kh3 Rxa4 55. h5 Ra6 56. Kh4 Rf6 57. Ra2 Rf1 58. Kg5 Rg1+ 59.
Kh6 Kf7 60. Ra7+ Kf8 61. Kh7 Rg5 62. h6 Rg1 63. Ra5 Rg2 64. Rf5+ Ke7 65. Rf1
Rg3 66. Kh8 Rg2 67. Ra1 Kf7 68. Ra7+ Kf8 69. Rg7 Rh2 70. Kh7 Rh1 71. Rg5 Kf7
72. Rg2 Rh3 73. Rf2+ Ke6 74. Kg6 Rg3+ 75. Kh5 Rh3+ 76. Kg5 Rg3+ 77. Kh4 Rg6 78.
Kh5 Rg1 79. h7 Rh1+ 80. Kg6 Rg1+ 81. Kh6 Rh1+ 82. Kg7 Rg1+ 83. Kf8 Rh1 84. Rf7
Rh2 85. Kg8 1-0

[Event "22nd Honor to National Resistance"]
[Site "Nikaia"]
[Date "2014.08.31"]
[Round "7.30"]
[White "Karathanasis, Vlasis"]
[Black "Asvestopoulos, Hristos"]
[Result "1/2-1/2"]
[WhiteElo "1730"]
[BlackElo "1928"]
[PlyCount "125"]
[EventDate "2014.08.26"]

1. e4 e6 2. d4 d5 3. Nc3 h6 4. e5 c5 5. f4 Nc6 6. Nf3 Nge7 7. Bb5 Bd7 8. Bxc6
Bxc6 9. Ne2 Nf5 10. c3 h5 11. g3 g6 12. O-O a5 13. Kh1 c4 14. Bd2 b5 15. a3 Be7
16. Neg1 Kf8 17. Nh3 Kg7 18. Nhg5 Qb6 19. Qc2 Rhb8 20. Rfb1 b4 21. Nh4 bxa3 22.
Nxf5+ exf5 23. bxa3 Qc7 24. Qa2 Rxb1+ 25. Rxb1 Rb8 26. Bc1 Ba4 27. Rxb8 Qxb8
28. Qb2 Bb3 29. h4 Qc8 30. Qe2 Kf8 31. Kh2 Qb7 32. Nf3 Ke8 33. Ng5 Bf8 34. Qb2
Kd8 35. Kg2 Kc8 36. Kf2 Qe7 37. Qe2 Kb7 38. Nh7 Bg7 39. Ng5 Kc6 40. Ke1 Kb5 41.
Qf3 Kc6 42. Qe2 Bh6 43. Kf2 Kb5 44. Qf3 Qd7 45. Nh7 Bg7 46. Qe3 Qe8 47. Qf3 Kc6
48. Qe2 Qe7 49. Ng5 Bh6 50. Nh7 Kd7 51. Nf6+ Ke6 52. Ng8 Qf8 53. Nxh6 Qxh6 54.
Qf3 Qf8 55. Qe2 Qb8 56. Qb2 Kd7 57. Ke2 Kc6 58. a4 Qf8 59. Qa3 Qxa3 60. Bxa3
Bxa4 61. Bc5 Bb3 62. Kd2 Kb5 63. Kc1 1/2-1/2